Statystyki dla Martin Garrix - Wszystkie piosenki

Kliknij tutaj aby rozwiązać quiz!

Ogólne statystyki

  • Ten quiz został rozwiązany 19 razy
    (14 od ostatniego zresetowania)
  • Średni wynik to 11 z 63

Statystyki odpowiedzi

Tytuł piosenki% Poprawnych
Animals
82%
In The Name Of Love
45%
Pizza
45%
Byte
36%
Dreamer
36%
High On Life
36%
Pressure
36%
Scared To Be Lonely
36%
Tremor
36%
We Are The People
36%
Wizard
36%
Bouncybob
27%
Forbbidden Voices
27%
Forever
27%
Game Over
27%
Hold On
27%
Home
27%
No Sleep
27%
So Far Away
27%
Summer Days
27%
The Only Way Is Up
27%
BFAM
18%
Don't Look Down
18%
Drown
18%
Like I Do
18%
Lions In The Wild
18%
Mistaken
18%
Ocean
18%
Spotless
18%
These Are The Times
18%
Turn Up The Speakers
18%
Virus
18%
Access
9%
Breach
9%
Burn Out
9%
Diamonds
9%
Error 404
9%
Glitch
9%
Gold Skies
9%
Helicopter
9%
Higher Ground
9%
ITSA
9%
Just Some Loops
9%
Keygen
9%
Proxy
9%
There for You
9%
Together
9%
Used To Love
9%
Waiting For Tommorow
9%
Welcome
9%
Yottabyte
9%
Break Though The Silence
0%
Hold On & Believe
0%
Letency
0%
Love Runs Out
0%
Make Up Your Mind
0%
Now I've Found You
0%
Oops
0%
Poison
0%
Set Me Free
0%
Sun Is Never Going Down
0%
WIEE
0%
Won't Let You Go
0%

Rozkład punktacji

Percentyl według liczby udzielonych odpowiedzi

Procent ludzi z każdym wynikiem

Twoja historia wyników

Nie rozwiązałeś tego quizu od ostatniego zresetowania